[Event "Doeberl Cup Minor 48th"]
[Site "Canberra"]
[Date "2010.04.04"]
[Round "5"]
[White "Adler, David"]
[Black "Yin, Wenlin"]
[Result "0-1"]
[WhiteElo "1398"]
[BlackElo "1212"]
[PlyCount "56"]
[EventDate "2010.04.02"]
[EventType "swiss"]
[EventRounds "7"]
[EventCountry "AUS"]
[SourceTitle "EXT 2012"]
[Source "ChessBase"]
[SourceDate "2011.11.24"]
[SourceVersion "1"]
[SourceVersionDate "2011.11.24"]
[SourceQuality "1"]

1. d4 Nf6 2. c4 e6 3. Nf3 Bb4+ 4. Nbd2 0-0 5. a3 Bxd2+ 6. Nxd2 d6 7. e4 e5 8. d5 a5 9. Bd3 Na6 10. 0-0 Nc5 11. Bc2 Ne8 12. f4 exf4 13. Rxf4 Nf6 14. b3 Ng4 15. Rxg4 Bxg4 16. Qxg4 Qf6 17. Rb1 Qd4+ 18. Kh1 f5 19. Bb2 Qxb2 20. Rxb2 fxg4 21. Kg1 Rf7 22. b4 axb4 23. axb4 Nd7 24. Nb3 Ne5 25. c5 Nc4 26. Rb1 Ne3 27. Bd3 Ra2 28. Bf1 Rb2 0-1

[Event "Doeberl Cup Minor 48th"]
[Site "Canberra"]
[Date "2010.04.04"]
[Round "6"]
[White "Derwent, Ethan"]
[Black "Adler, David"]
[Result "1-0"]
[WhiteElo "1183"]
[BlackElo "1398"]
[PlyCount "127"]
[EventDate "2010.04.02"]
[EventType "swiss"]
[EventRounds "7"]
[EventCountry "AUS"]
[SourceTitle "EXT 2012"]
[Source "ChessBase"]
[SourceDate "2011.11.24"]
[SourceVersion "1"]
[SourceVersionDate "2011.11.24"]
[SourceQuality "1"]

1. d4 d5 2. c4 e6 3. Nf3 Nf6 4. Nc3 c6 5. Bg5 Nbd7 6. e3 Qa5 7. Bxf6 Nxf6 8. Nd2 Qc7 9. cxd5 exd5 10. Bd3 Bd6 11. Nf3 0-0 12. 0-0 Re8 13. Rc1 Ne4 14. Nxd5 Qd8 15. Nc3 Nxc3 16. bxc3 Bg4 17. h3 Bh5 18. c4 Re6 19. c5 Bc7 20. Rb1 b6 21. Rc1 b5 22. Be2 a5 23. a4 b4 24. Qb3 Rf6 25. Rfd1 Qd5 26. Qxd5 cxd5 27. g4 Bg6 28. Ne5 Bxe5 29. dxe5 Re6 30. f4 Be4 31. Bd3 Rc6 32. Bxe4 dxe4 33. Rd6 Rac8 34. Kf2 Kf8 35. Ke2 Rxc5 36. Rd8+ Rxd8 37. Rxc5 Rb8 38. Kd2 Rd8+ 39. Ke2 Rd3 40. Rxa5 Ra3 41. f5 b3 42. f6 gxf6 43. exf6 Ke8 44. Re5+ Kd8 45. Rxe4 Ra2+ 46. Kf3 Rh2 47. Kg3 b2 48. Rb4 Rc2 49. a5 Kc7 50. a6 Rc6 51. a7 Ra6 52. Rxb2 Rxa7 53. Rb5 Ra6 54. g5 Re6 55. Kf4 Re8 56. Re5 Rf8 57. Rd5 Kc6 58. e4 Rg8 59. h4 Rh8 60. Kf5 Rb8 61. Re5 Rf8 62. Re7 Kd6 63. e5+ Kc6 64. e6 1-0